000 00976cam a2200289 i 4500
999 _c14282
_d14282
003 OSt
005 20260406173353.0
008 210706s2021 enk b 001 0 eng
020 _a9780367674335
_q(hbk)
025 _aI-E-2020335407
035 _a22115196
037 _bLibrary of Congress -- New Delhi Overseas Office
042 _alcode
_alcode
050 0 0 _aHD60
_b.S59225 2021
245 0 0 _aSocial entrepreneurship and sustainable development /
_cedited by Archana Singh and Edakkandi Meethal Reji.
250 _aFirst South Asia edition.
300 _axxv, 254 pages ;
_c24 cm.
490 0 _aTowards sustainable futures
504 _aIncludes bibliographical references and index.
530 _aAlso available as an ebook.
650 0 _aSocial entrepreneurship.
650 0 _aSocial responsibility of business.
650 0 _aSustainable development.
700 1 _aSingh, Archana,
_eeditor.
700 1 _aReji, Edakkandi Meethal,
_eeditor.
942 _2ddc